[Event "11th EUR-ch"]
[Site "Rijeka CRO"]
[Date "2010.03.16"]
[Round "10"]
[White "Ofstad, Per"]
[Black "Lanzani, Giuliano"]
[Result "1/2-1/2"]
[WhiteElo "2197"]
[BlackElo "1992"]
[EventDate "2010.03.06"]
[PlyCount "53"]

1.e4 c5 2.Nc3 Nc6 3.Nge2 e6 4.d4 cxd4 5.Nxd4 a6 6.Nxc6 bxc6 7.Bd3 d5 8.
exd5 cxd5 9.Qe2 Nf6 10.O-O Be7 11.Bf4 O-O 12.a3 Bb7 13.Rfd1 Nd7 14.Bg3 Bf6
15.Qd2 Ne5 16.Qe1 Nxd3 17.Rxd3 Qb6 18.Nd1 Rac8 19.c3 Bc6 20.Be5 Bxe5 21.
Qxe5 Bb5 22.Rd2 f6 23.Qe3 Qxe3 24.Nxe3 Kf7 25.Re1 a5 26.f4 g6 27.g3 
1/2-1/2

[Event "11th EUR-ch"]
[Site "Rijeka CRO"]
[Date "2010.03.16"]
[Round "10"]
[White "Zrilic, Bozo"]
[Black "Malachi, Avraham"]
[Result "1-0"]
[WhiteElo "1964"]
[BlackElo "2188"]
[EventDate "2010.03.06"]
[PlyCount "113"]

1.d4 Nf6 2.c4 g6 3.Nc3 Bg7 4.e4 d6 5.f4 O-O 6.Nf3 c5 7.d5 e6 8.Bd3 exd5 9.
Nxd5 Re8 10.O-O Nc6 11.h3 Nxd5 12.exd5 Nd4 13.Rb1 Bf5 14.Nxd4 Bxd4+ 15.Kh1
Bxd3 16.Qxd3 Qe7 17.f5 Qe2 18.Qxe2 Rxe2 19.fxg6 hxg6 20.Bf4 Be5 21.b4 cxb4
22.Rxb4 b6 23.a4 Rc8 24.Bxe5 Rxe5 25.Rf4 Rc5 26.Kh2 Kg7 27.h4 f5 28.Kg3 
Kf6 29.Kf2 Re4 30.Rxe4 fxe4 31.g4 Ke5 32.h5 gxh5 33.gxh5 Kd4 34.a5 Rxa5 
35.c5+ Kxd5 36.cxb6 axb6 37.Rxb6 Ra2+ 38.Ke3 Ra3+ 39.Kf4 Rf3+ 40.Kg4 Rf8 
41.h6 Ke5 42.Rb7 Rf1 43.h7 Rg1+ 44.Kh3 Rh1+ 45.Kg2 Rh6 46.Kf2 d5 47.Kg3 
Kd4 48.Kf4 Rh4+ 49.Kg5 Rh1 50.Kf4 Kc3 51.Ra7 Rh4+ 52.Kg3 Rh1 53.Kg2 Rh6 
54.Ra3+ Kd2 55.Rh3 Rxh7 56.Rxh7 d4 57.Ra7 1-0

[Event "11th EUR-ch"]
[Site "Rijeka CRO"]
[Date "2010.03.16"]
[Round "10"]
[White "Nakas, Spyridon"]
[Black "Pantaleoni, Claudio"]
[Result "0-1"]
[WhiteElo "1934"]
[BlackElo "2179"]
[EventDate "2010.03.06"]
[PlyCount "68"]

1.e4 e6 2.b3 d5 3.Bb2 dxe4 4.Nc3 Nf6 5.Qe2 Bb4 6.O-O-O Qe7 7.g4 h6 8.h4 
Nc6 9.Nxe4 Ba3 10.d4 Bxb2+ 11.Kxb2 Nxe4 12.Qxe4 Bd7 13.Bg2 O-O-O 14.Nf3 f6
15.Rhe1 Qb4 16.a3 Qb6 17.c4 a5 18.Qc2 Rhe8 19.c5 Qa7 20.Qc3 Ne7 21.Nd2 Nd5
22.Qc4 Bc6 23.b4 axb4 24.axb4 Qa4 25.Qb3 Qxb4 26.Bxd5 Qxd4+ 27.Qc3 Rxd5 
28.Ne4 Qxc3+ 29.Nxc3 Rxc5 30.Rd4 e5 31.Rb4 Rd8 32.Kc2 Rd4 33.Kb3 Rd3 34.
Rc4 Bd5 0-1

[Event "11th EUR-ch"]
[Site "Rijeka CRO"]
[Date "2010.03.16"]
[Round "10"]
[White "Barlocco, Carlo"]
[Black "Partys, Petr"]
[Result "0-1"]
[WhiteElo "2173"]
[BlackElo "1977"]
[EventDate "2010.03.06"]
[PlyCount "108"]

1.Nf3 Nf6 2.g3 d5 3.Bg2 e6 4.O-O Be7 5.d3 c5 6.Nbd2 Nc6 7.e4 dxe4 8.dxe4 
e5 9.c3 O-O 10.Qc2 h6 11.Nc4 Qc7 12.Ne3 Be6 13.Nh4 Rfd8 14.Rd1 Rxd1+ 15.
Qxd1 Rd8 16.Qe2 g6 17.Bd2 a6 18.b3 b5 19.Rd1 Nh7 20.Nd5 Qc8 21.Nxe7+ Nxe7 
22.Bxh6 g5 23.Nf3 f6 24.h4 Bg4 25.hxg5 fxg5 26.Rxd8+ Qxd8 27.Qe3 Bxf3 28.
Bxf3 Nc6 29.Qxc5 Qf6 30.Bg4 Qxh6 31.Qb6 Qd6 32.Qxa6 Nf6 33.Bf5 Qc5 34.Qc8+
Kg7 35.Qc7+ Kg8 36.Bg6 Kh8 37.b4 Qc4 38.Bf5 Kg8 39.Kg2 Kf8 40.Bg6 Qe6 41.
Bf5 Qc4 42.Qc8+ Kf7 43.Qc7+ Ne7 44.Qxe5 Nxf5 45.exf5 Qc6+ 46.f3 Nd5 47.Kh3
Nf6 48.Qe3 g4+ 49.Kh4 gxf3 50.g4 Ne4 51.g5 f2 52.Qf3 Kg8 53.f6 Qc4 54.Qf4 
Nxf6 0-1

[Event "11th EUR-ch"]
[Site "Rijeka CRO"]
[Date "2010.03.16"]
[Round "10"]
[White "Sikanjic, Bojan"]
[Black "Camber, Ivan"]
[Result "1-0"]
[WhiteElo "2170"]
[BlackElo "1911"]
[EventDate "2010.03.06"]
[PlyCount "55"]

1.Nf3 d5 2.c4 e6 3.g3 Nf6 4.Bg2 Be7 5.O-O O-O 6.d4 c5 7.cxd5 exd5 8.Nc3 
Nc6 9.b3 Be6 10.Bb2 Rc8 11.Rc1 cxd4 12.Nxd4 Qd7 13.Nxe6 fxe6 14.e3 Rfd8 
15.Qe2 Qe8 16.Rfd1 a6 17.Na4 Na7 18.Rxc8 Rxc8 19.e4 dxe4 20.Bxe4 Nxe4 21.
Qxe4 Qc6 22.Qd4 Bf6 23.Qxa7 Qf3 24.Rf1 Bxb2 25.Nxb2 Rc2 26.Qd4 Qe2 27.Nc4 
Rxa2 28.Qd8+ 1-0

[Event "11th EUR-ch"]
[Site "Rijeka CRO"]
[Date "2010.03.16"]
[Round "10"]
[White "Demel, Paul"]
[Black "Jambresic, Jurica"]
[Result "1-0"]
[WhiteElo "2155"]
[BlackElo "1877"]
[EventDate "2010.03.06"]
[PlyCount "91"]

1.e4 e5 2.Nf3 Nc6 3.Bb5 a6 4.Ba4 Nf6 5.O-O Be7 6.Re1 b5 7.Bb3 O-O 8.h3 d6 
9.c3 Na5 10.Bc2 c5 11.d4 Nc6 12.d5 Nb8 13.Nbd2 Nbd7 14.a4 Bb7 15.Nf1 Re8 
16.b4 Rc8 17.axb5 axb5 18.Ra5 Qb6 19.Qe2 Ba6 20.Be3 Qb7 21.Rea1 Ra8 22.Ng3
g6 23.Nh2 h5 24.Ngf1 Bd8 25.R5a3 Bb6 26.g4 Ra7 27.Ng3 hxg4 28.hxg4 Rea8 
29.g5 Nh7 30.Kg2 cxb4 31.cxb4 Bxe3 32.Qxe3 Nb6 33.Bd3 Nc4 34.Bxc4 bxc4 35.
Ra4 Qb5 36.Ne2 Rb7 37.Nc3 Qb6 38.Qxb6 Rxb6 39.b5 Nxg5 40.Rxa6 Rab8 41.Rxb6
Rxb6 42.Ra6 Rb7 43.Rxd6 Kf8 44.Nf3 Nh7 45.Nxe5 Ke7 46.Nxc4 1-0

[Event "11th EUR-ch"]
[Site "Rijeka CRO"]
[Date "2010.03.16"]
[Round "10"]
[White "Winkler, Stefan"]
[Black "Kinez, Ivo"]
[Result "0-1"]
[WhiteElo "1855"]
[BlackElo "2138"]
[EventDate "2010.03.06"]
[PlyCount "80"]

1.e4 c5 2.Nf3 d6 3.d4 cxd4 4.Nxd4 Nf6 5.Nc3 g6 6.g3 Bg7 7.h3 O-O 8.Bg2 a6 
9.O-O Qc7 10.Be3 Nc6 11.Nde2 b5 12.Nf4 e6 13.Qd2 Bb7 14.Rad1 Rfd8 15.g4 
Ne5 16.b3 Rac8 17.Nfe2 b4 18.Na4 Qxc2 19.Qxb4 Qxe2 20.Qxb7 Rb8 21.Qc7 Nf3+
22.Kh1 Nxe4 23.Rc1 d5 24.Rc2 Qd3 25.Rfc1 Be5 26.Nc5 Ng3+ 27.fxg3 Qxe3 28.
Qe7 Ne1 29.Nd3 Nxd3 30.Rf1 Rf8 31.Rf3 Qe1+ 32.Kh2 Qd1 33.Rc6 Qe2 34.Rxd3 
Qxd3 35.Qh4 Qe2 36.Qg5 Rbc8 37.Rc1 Rxc1 38.Qxc1 Qxa2 39.Qe3 Qb2 40.h4 Qd4 
0-1

[Event "11th EUR-ch"]
[Site "Rijeka CRO"]
[Date "2010.03.16"]
[Round "10"]
[White "Lekic, Lazar"]
[Black "Spichkin, Alexander"]
[Result "0-1"]
[WhiteElo "1739"]
[BlackElo "2241"]
[EventDate "2010.03.06"]
[PlyCount "68"]

1.e4 e6 2.d4 d5 3.Nc3 Nf6 4.Bg5 Bb4 5.e5 h6 6.Be3 Ne4 7.a3 Nxc3 8.Qd2 Ba5 
9.bxc3 c5 10.dxc5 Qc7 11.Nf3 b6 12.c6 Nxc6 13.Bb5 Bd7 14.Qd3 Nxe5 15.Nxe5 
Bxc3+ 16.Kd1 Bxe5 17.Bxd7+ Qxd7 18.Bd4 Bxd4 19.Qxd4 O-O 20.Rb1 Rac8 21.Rb3
Rc4 22.Qd2 Rfc8 23.Rb4 Rxb4 24.Qxb4 Qc6 25.Qb3 Qc5 26.f3 Qd4+ 27.Kc1 Qa1+ 
28.Qb1 Qxa3+ 29.Kd1 Rc4 30.Re1 Rb4 31.Qc1 Qa2 32.Kd2 Rb2 33.Qd1 d4 34.Re4 
Rb1 0-1

[Event "11th EUR-ch"]
[Site "Rijeka CRO"]
[Date "2010.03.16"]
[Round "10"]
[White "Papadakis, Michalis"]
[Black "Gradiser, Dragoljub"]
[Result "1-0"]
[WhiteElo "2244"]
[BlackElo "1954"]
[EventDate "2010.03.06"]
[PlyCount "71"]

1.d4 d5 2.c4 e6 3.Nc3 Nf6 4.cxd5 exd5 5.Bg5 Be7 6.e3 Be6 7.Bd3 Nbd7 8.Nge2
a6 9.Rc1 c6 10.O-O Nf8 11.f3 Ng6 12.Qc2 Nh5 13.Bxe7 Qxe7 14.e4 Nhf4 15.
Rce1 Qg5 16.Nxf4 Nxf4 17.exd5 cxd5 18.Re5 Qh6 19.Qa4+ Ke7 20.Qb4+ Kf6 21.
Bb1 Rhb8 22.g3 Nh3+ 23.Kg2 g6 24.Nxd5+ Kg7 25.f4 Bxd5+ 26.Rxd5 Re8 27.Re5 
Rxe5 28.dxe5 Qh5 29.Re1 Rd8 30.e6 a5 31.Qc3+ Kh6 32.e7 Nxf4+ 33.gxf4 Qg4+ 
34.Kh1 Rd1 35.e8=Q Rxe1+ 36.Qexe1 1-0

[Event "11th EUR-ch"]
[Site "Rijeka CRO"]
[Date "2010.03.16"]
[Round "10"]
[White "Bar, Aviv"]
[Black "Welz, Peter"]
[Result "1/2-1/2"]
[WhiteElo "2022"]
[BlackElo "2148"]
[EventDate "2010.03.06"]
[PlyCount "101"]

1.Nf3 f5 2.e4 fxe4 3.Ng5 e5 4.d3 e3 5.Bxe3 Nc6 6.Qh5+ g6 7.Qf3 Qf6 8.Qe4 
Nge7 9.Nc3 a6 10.h4 Bg7 11.h5 h6 12.Nf3 g5 13.Qa4 O-O 14.Ne4 Qf5 15.Be2 d5
16.Ng3 Qf7 17.O-O-O b5 18.Qb3 Be6 19.d4 exd4 20.Nxd4 Nxd4 21.Bxd4 Bxd4 22.
Rxd4 c5 23.Rd2 d4 24.Qf3 Qg7 25.Qe4 Bd5 26.Qg4 Rxf2 27.Bf3 Rxd2 28.Kxd2 
Bxf3 29.gxf3 Rf8 30.Re1 Qf7 31.Ne4 Nf5 32.Nxc5 Qxa2 33.Re5 Qf7 34.b3 Nh4 
35.Kc1 Nxf3 36.Re6 Qf4+ 37.Qxf4 gxf4 38.Rg6+ Kh7 39.Nd7 Rc8 40.Nf6+ Kh8 
41.Rxh6+ Kg7 42.Rg6+ Kf7 43.Ne4 Rh8 44.Rxa6 Rxh5 45.Rf6+ Ke7 46.Rxf4 Ne5 
47.Ng3 Rg5 48.Nf5+ Kd7 49.Nxd4 Nc6 50.Rf7+ Ke8 51.Rf4 1/2-1/2

[Event "11th EUR-ch"]
[Site "Rijeka CRO"]
[Date "2010.03.16"]
[Round "10"]
[White "Dubrovic, Mihovil"]
[Black "Faika, Michael"]
[Result "0-1"]
[WhiteElo "1849"]
[BlackElo "2102"]
[EventDate "2010.03.06"]
[PlyCount "76"]

1.e4 e5 2.Nf3 Nc6 3.Bc4 Bc5 4.d3 d6 5.c3 Nf6 6.h3 O-O 7.Bb3 d5 8.exd5 Nxd5
9.O-O Be6 10.Ng5 Bf5 11.Qf3 Nce7 12.Nd2 Bb6 13.Nc4 f6 14.Nxb6 axb6 15.Ne4 
Kh8 16.Rd1 Bg6 17.Ng3 f5 18.Bg5 Qd6 19.Bxe7 Nxe7 20.Re1 c6 21.Rad1 Nd5 22.
Ne2 Nf6 23.Qe3 f4 24.Qxb6 Nd7 25.Qb4 c5 26.Qb5 f3 27.Ng3 fxg2 28.Qxb7 e4 
29.Nxe4 Qf4 30.Qxd7 Bxe4 31.Re2 Bf3 32.Rde1 Bxe2 33.Rxe2 Rad8 34.Qg4 Qc1+ 
35.Kxg2 Rd6 36.Rc2 Qb1 37.Be6 Qxc2 38.Bf5 Rdf6 0-1

[Event "11th EUR-ch"]
[Site "Rijeka CRO"]
[Date "2010.03.16"]
[Round "10"]
[White "Burstein, Almog"]
[Black "Di Lazzaro, Gabriele"]
[Result "1-0"]
[WhiteElo "2100"]
[BlackElo "1898"]
[EventDate "2010.03.06"]
[PlyCount "47"]

1.e4 c5 2.Nf3 g6 3.d4 cxd4 4.Qxd4 Nf6 5.e5 Nc6 6.Qa4 Nd5 7.Bb5 Bg7 8.O-O 
O-O 9.Qe4 Ndb4 10.c3 d5 11.exd6 Bf5 12.dxe7 Bxe4 13.exd8=Q Bxf3 14.Qh4 Nc2
15.gxf3 Ne5 16.Qe4 Nxa1 17.Bf4 f5 18.Qd5+ Nf7 19.Na3 g5 20.Bxg5 Kh8 21.Be7
Rg8 22.Qxf7 Bxc3+ 23.Kh1 Rg7 24.Bf6 1-0

[Event "11th EUR-ch"]
[Site "Rijeka CRO"]
[Date "2010.03.16"]
[Round "10"]
[White "Mravic, Filip"]
[Black "Reinwald, Patrick"]
[Result "0-1"]
[WhiteElo "1718"]
[BlackElo "2091"]
[EventDate "2010.03.06"]
[PlyCount "96"]

1.Nf3 c5 2.c4 Nf6 3.Nc3 e6 4.e3 b6 5.d4 Bb7 6.Bd3 Be7 7.b3 d6 8.e4 cxd4 9.
Nxd4 O-O 10.Be3 a6 11.f4 Nbd7 12.Bc2 Qc7 13.O-O b5 14.f5 e5 15.Nde2 bxc4 
16.bxc4 Qxc4 17.Bb3 Qb4 18.Rb1 Qa3 19.Bxf7+ Rxf7 20.Rb3 Qa5 21.Rxb7 Nc5 
22.Rb1 Ncxe4 23.Bb6 Nxc3 24.Bxa5 Nxd1 25.Rfxd1 d5 26.Rdc1 d4 27.Ng3 Ba3 
28.Re1 Re7 29.Ne4 Nxe4 30.Rxe4 Rc8 31.Rbe1 Rc1 32.Rxc1 Bxc1 33.Bb4 d3 34.
Re1 d2 35.Rd1 Rd7 36.Kf2 Kf7 37.Ke2 Kf6 38.Bxd2 Bxd2 39.Rxd2 Rxd2+ 40.Kxd2
Kxf5 41.Ke3 g5 42.a4 a5 43.h3 h5 44.g3 e4 45.Ke2 Ke5 46.Ke3 Kd5 47.g4 hxg4
48.hxg4 Ke5 0-1

[Event "11th EUR-ch"]
[Site "Rijeka CRO"]
[Date "2010.03.16"]
[Round "10"]
[White "Antoniacci, Riccardo"]
[Black "Plenca, Jadranko"]
[Result "1-0"]
[WhiteElo "1921"]
[BlackElo "1718"]
[EventDate "2010.03.06"]
[PlyCount "25"]

1.e4 e5 2.f4 exf4 3.Nc3 Qh4+ 4.Ke2 Nf6 5.Nf3 Qh5 6.d3 g5 7.Kf2 g4 8.Nd4 
Bc5 9.Nb5 c6 10.b4 Bb6 11.Nd6+ Kd8 12.c3 Qe5 13.Nxf7+ 1-0

[Event "11th EUR-ch"]
[Site "Rijeka CRO"]
[Date "2010.03.16"]
[Round "10"]
[White "Gandolfi, Gianfranco"]
[Black "Rafaelic, Denis"]
[Result "0-1"]
[WhiteElo "1780"]
[BlackElo "1714"]
[EventDate "2010.03.06"]
[PlyCount "98"]

1.e4 c5 2.Nf3 d6 3.d4 cxd4 4.Nxd4 Nf6 5.Nc3 a6 6.Bg5 e6 7.f4 Be7 8.Qf3 Qc7
9.O-O-O Nc6 10.Nb3 O-O 11.g4 Bd7 12.Bxf6 Bxf6 13.g5 Bxc3 14.Qxc3 Rac8 15.
Bd3 Ne7 16.Qxc7 Rxc7 17.Rhf1 Rfc8 18.Nd4 Nc6 19.Nxc6 Bxc6 20.Kb1 d5 21.
exd5 Bxd5 22.c3 b5 23.Rf2 g6 24.Rfd2 Kg7 25.Bc2 a5 26.Rd4 b4 27.R1d3 bxc3 
28.Rxc3 Rxc3 29.bxc3 Rxc3 30.Kb2 Rh3 31.Rd2 Rf3 32.Rd4 Rf2 33.Ra4 Rxh2 34.
Rxa5 Be4 35.Rc5 Rf2 36.Rc4 Bxc2 37.Rxc2 Rxf4 38.Kb3 Rf5 39.Rg2 Kf8 40.a4 
Ke7 41.Kb4 Kd6 42.a5 Kc6 43.Rg3 Rf4+ 44.Kb3 Kb5 45.Rh3 Kxa5 46.Rxh7 Rf5 
47.Kc4 Kb6 48.Kd4 Kc6 49.Ke4 Kd6 0-1

[Event "11th EUR-ch"]
[Site "Rijeka CRO"]
[Date "2010.03.16"]
[Round "10"]
[White "Dubrovic, Rafael"]
[Black "Russo, Carmelo"]
[Result "1-0"]
[WhiteElo "1577"]
[BlackElo "1714"]
[EventDate "2010.03.06"]
[PlyCount "49"]

1.d4 Nf6 2.c4 g6 3.Nc3 d5 4.cxd5 Nxd5 5.e4 Nxc3 6.bxc3 Bg7 7.Nf3 O-O 8.Rb1
c5 9.Be3 Nc6 10.Qd2 cxd4 11.cxd4 e6 12.Bb5 Na5 13.h4 a6 14.Be2 b5 15.h5 
Bb7 16.e5 Bxf3 17.gxf3 Rc8 18.hxg6 hxg6 19.Bh6 Nc4 20.Bxc4 g5 21.Bxg5 Qc7 
22.Bf6 bxc4 23.Rh8+ Bxh8 24.Qg5+ Kh7 25.Qh5+ 1-0

[Event "11th EUR-ch"]
[Site "Rijeka CRO"]
[Date "2010.03.16"]
[Round "10"]
[White "Mateta, Marin"]
[Black "Tica, Sven"]
[Result "1-0"]
[WhiteElo "1687"]
[BlackElo "1562"]
[EventDate "2010.03.06"]
[PlyCount "120"]

1.e4 e5 2.Bc4 Nc6 3.Nf3 Bc5 4.O-O Nf6 5.d3 h6 6.c3 d6 7.b4 Bb6 8.h3 Qe7 9.
a4 a6 10.Be3 Bxe3 11.fxe3 Be6 12.Nbd2 O-O 13.Qb3 b5 14.Bxe6 Qxe6 15.Qxe6 
fxe6 16.Nh4 Ne7 17.d4 Rfd8 18.Nhf3 Ng6 19.g4 Nh7 20.d5 exd5 21.exd5 Rf8 
22.h4 Rae8 23.h5 Nh8 24.axb5 axb5 25.Ra7 Re7 26.Ne4 Nf7 27.Rb7 Rd7 28.Rxb5
Nfg5 29.Nexg5 Nxg5 30.Nxg5 hxg5 31.Rxf8+ Kxf8 32.Rb8+ Kf7 33.b5 Ke7 34.Kg2
e4 35.Kf2 Rd8 36.Rb7 Kd7 37.c4 Kc8 38.Ra7 Kb8 39.Ra1 Kb7 40.Ke2 Rf8 41.Rh1
Rh8 42.Rf1 Ra8 43.Rf5 Rh8 44.Rxg5 Rh7 45.Kf2 Kb6 46.Kg3 Kc5 47.Kf4 Kxc4 
48.Kxe4 Kxb5 49.Kf5 Kc5 50.e4 Kd4 51.Kg6 Rh8 52.Kxg7 Rd8 53.h6 Kxe4 54.h7 
Kf4 55.Rg6 Rd7+ 56.Kh6 Rd8 57.Rg8 Rxg8 58.hxg8=Q Ke5 59.Qe6+ Kd4 60.g5 Kc5
1-0

[Event "11th EUR-ch"]
[Site "Rijeka CRO"]
[Date "2010.03.17"]
[Round "11"]
[White "Nepomnyaschy, Yan"]
[Black "Akopian, Vladimir"]
[Result "1-0"]
[WhiteElo "2656"]
[BlackElo "2688"]
[EventDate "2010.03.06"]
[PlyCount "81"]

1.e4 e5 2.Nf3 Nc6 3.Bb5 a6 4.Ba4 Nf6 5.d3 d6 6.c3 g6 7.Nbd2 Bg7 8.O-O O-O 
9.Re1 h6 10.Nf1 b5 11.Bc2 d5 12.Bd2 Be6 13.a4 Qd6 14.b4 Nd7 15.Bb3 dxe4 
16.dxe4 Nb6 17.a5 Nc4 18.Ne3 Rfd8 19.Nxc4 Bxc4 20.Bxc4 bxc4 21.Be3 Qe6 22.
Qa4 Rd3 23.Rec1 Bf8 24.b5 axb5 25.Qxb5 Rb8 26.Qa4 Ra8 27.a6 Rd6 28.Qb5 Qc8
29.a7 Qd8 30.Qxc4 Qd7 31.Qb5 Rd3 32.Qb7 Qe8 33.Ra6 Rxe3 34.fxe3 Bc5 35.
Rca1 Bxe3+ 36.Kh1 Bb6 37.h3 Kg7 38.Nd2 Nxa7 39.Rxb6 cxb6 40.Rxa7 Rc8 41.c4
1-0

[Event "11th EUR-ch"]
[Site "Rijeka CRO"]
[Date "2010.03.17"]
[Round "11"]
[White "Jobava, Baadur"]
[Black "Khismatullin, Denis"]
[Result "1-0"]
[WhiteElo "2695"]
[BlackElo "2657"]
[EventDate "2010.03.06"]
[PlyCount "129"]

1.d4 Nf6 2.c4 e6 3.Nc3 d5 4.Nf3 c5 5.cxd5 Nxd5 6.e4 Nxc3 7.bxc3 cxd4 8.
cxd4 Bb4+ 9.Bd2 Bxd2+ 10.Qxd2 O-O 11.Bc4 Nd7 12.O-O b6 13.Rad1 Bb7 14.Rfe1
Rc8 15.Bb3 Qf6 16.a4 Rfd8 17.a5 Qg6 18.axb6 Bxe4 19.Ng5 Bc2 20.b7 Bxb3 21.
bxc8=Q Rxc8 22.Rc1 Ra8 23.Nh3 a5 24.Rc7 Nf8 25.Nf4 Qg5 26.Qe3 a4 27.Qf3 
Re8 28.g3 Qf6 29.Qb7 Ng6 30.Rc8 Rxc8 31.Qxc8+ Nf8 32.Re5 h6 33.h4 Bd1 34.
h5 Qe7 35.Rb5 Bf3 36.Qc3 Qe8 37.Rc5 Bb7 38.Kh2 Qd7 39.Rc7 Qb5 40.Qc5 Qb2 
41.d5 a3 42.Re7 Bxd5 43.Nxd5 a2 44.Re8 Kh7 45.Kg2 a1=Q 46.Qxf8 Qxf2+ 47.
Kxf2 Qa2+ 48.Ke1 Qa1+ 49.Kd2 Qd4+ 50.Kc2 Qe4+ 51.Kb2 Qe2+ 52.Kb3 Qd1+ 53.
Kb4 Qd4+ 54.Kb5 Qxd5+ 55.Qc5 Qb3+ 56.Ka5 Qa2+ 57.Kb6 Qb3+ 58.Kc7 Qxg3+ 59.
Kd7 Qg2 60.Rb8 Qe2 61.Ke7 Qf3 62.Qc2+ f5 63.Qc8 Qxh5 64.Qg8+ Kg6 65.Qf7+ 
1-0

[Event "11th EUR-ch"]
[Site "Rijeka CRO"]
[Date "2010.03.17"]
[Round "11"]
[White "Timofeev, Artiom"]
[Black "Mamedov, Rauf"]
[Result "1-0"]
[WhiteElo "2655"]
[BlackElo "2639"]
[EventDate "2010.03.06"]
[PlyCount "81"]

1.e4 c5 2.Nf3 Nc6 3.d4 cxd4 4.Nxd4 g6 5.c4 Bg7 6.Be3 d6 7.Nc3 Nf6 8.Be2 
O-O 9.O-O Bd7 10.Nc2 Rc8 11.Rc1 Be6 12.Qd2 Nd7 13.Rfd1 Nc5 14.b4 Nd7 15.
Nd5 Nce5 16.Nd4 Bxd5 17.cxd5 Nb6 18.Rxc8 Qxc8 19.Rc1 Qb8 20.Nb5 Ned7 21.a4
a6 22.a5 Na8 23.Na7 f5 24.exf5 gxf5 25.Nc6 bxc6 26.dxc6 Ne5 27.Bxa6 Nc7 
28.Be2 Kh8 29.Bb6 f4 30.Bxc7 Qxc7 31.b5 f3 32.Bf1 fxg2 33.Bxg2 Qc8 34.c7 
Nf3+ 35.Bxf3 Rxf3 36.b6 Rf8 37.Qd5 Be5 38.b7 Qf5 39.Qg2 Bxh2+ 40.Kxh2 Qf4+
41.Qg3 1-0

[Event "11th EUR-ch"]
[Site "Rijeka CRO"]
[Date "2010.03.17"]
[Round "11"]
[White "Lysyi, Igor"]
[Black "Efimenko, Zahar"]
[Result "1/2-1/2"]
[WhiteElo "2615"]
[BlackElo "2640"]
[EventDate "2010.03.06"]
[PlyCount "25"]

1.d4 d5 2.c4 c6 3.Nf3 Nf6 4.cxd5 cxd5 5.Nc3 Nc6 6.Bf4 Bf5 7.e3 e6 8.Bd3 
Bxd3 9.Qxd3 Bd6 10.Bxd6 Qxd6 11.O-O O-O 12.a3 Rac8 13.Rac1 1/2-1/2

[Event "11th EUR-ch"]
[Site "Rijeka CRO"]
[Date "2010.03.17"]
[Round "11"]
[White "Movsesian, Sergei"]
[Black "Socko, Bartosz"]
[Result "1/2-1/2"]
[WhiteElo "2709"]
[BlackElo "2637"]
[EventDate "2010.03.06"]
[PlyCount "30"]

1.e4 e6 2.d4 d5 3.e5 c5 4.c3 Nc6 5.Nf3 Qb6 6.a3 c4 7.Nbd2 Na5 8.g3 Bd7 9.
h4 O-O-O 10.Bh3 f5 11.exf6 gxf6 12.O-O h5 13.Ne1 e5 14.Bxd7+ Rxd7 15.Nc2 
Ne7 1/2-1/2

[Event "11th EUR-ch"]
[Site "Rijeka CRO"]
[Date "2010.03.17"]
[Round "11"]
[White "Zviagintsev, Vadim"]
[Black "Navara, David"]
[Result "1/2-1/2"]
[WhiteElo "2643"]
[BlackElo "2708"]
[EventDate "2010.03.06"]
[PlyCount "35"]

1.e4 c5 2.Nf3 d6 3.d4 cxd4 4.Qxd4 Nc6 5.Bb5 Bd7 6.Bxc6 Bxc6 7.Nc3 h6 8.Qd3
e5 9.Nd2 Nf6 10.Nc4 Be7 11.Ne3 O-O 12.O-O Re8 13.a4 a6 14.a5 b5 15.axb6 
Qxb6 16.Ncd5 Nxd5 17.Nxd5 Bxd5 18.Qxd5 1/2-1/2

[Event "11th EUR-ch"]
[Site "Rijeka CRO"]
[Date "2010.03.17"]
[Round "11"]
[White "Tomashevsky, Evgeny"]
[Black "Khairullin, Ildar"]
[Result "1-0"]
[WhiteElo "2701"]
[BlackElo "2617"]
[EventDate "2010.03.06"]
[PlyCount "83"]

1.d4 Nf6 2.c4 g6 3.Nc3 Bg7 4.e4 d6 5.f3 O-O 6.Be3 c5 7.Nge2 Nc6 8.d5 Ne5 
9.Ng3 e6 10.Be2 exd5 11.cxd5 h5 12.O-O Nh7 13.Qd2 h4 14.Nh1 f5 15.Nf2 Bd7 
16.a4 Qf6 17.exf5 gxf5 18.Nh3 Ng6 19.f4 a6 20.Bf2 Rae8 21.Kh1 Rf7 22.a5 
Rfe7 23.Bh5 Nhf8 24.Rg1 Bh6 25.g3 Kh8 26.gxh4 Nxh4 27.Bxe8 Bxe8 28.Ng5 
Nhg6 29.Rae1 Rxe1 30.Rxe1 Bf7 31.Nxf7+ Qxf7 32.Bg3 Bg7 33.Qe3 Bd4 34.Qf3 
Kg8 35.Re2 Qh7 36.Na4 Qd7 37.Nb6 Qb5 38.h4 Qxa5 39.Nc4 Qd8 40.h5 Nh8 41.
Rg2 Kf7 42.Qd3 1-0

[Event "11th EUR-ch"]
[Site "Rijeka CRO"]
[Date "2010.03.17"]
[Round "11"]
[White "Vorobiov, Evgeny"]
[Black "Alekseev, Evgeny"]
[Result "1/2-1/2"]
[WhiteElo "2616"]
[BlackElo "2700"]
[EventDate "2010.03.06"]
[PlyCount "28"]

1.e4 e6 2.d3 d5 3.Nd2 c5 4.g3 Nc6 5.Bg2 Nf6 6.Ngf3 Be7 7.O-O O-O 8.Re1 b5 
9.e5 Ne8 10.Nf1 Nc7 11.h4 f5 12.exf6 Bxf6 13.Ne3 Qd6 14.c3 e5 1/2-1/2

[Event "11th EUR-ch"]
[Site "Rijeka CRO"]
[Date "2010.03.17"]
[Round "11"]
[White "Volkov, Sergei"]
[Black "Kurnosov, Igor"]
[Result "1/2-1/2"]
[WhiteElo "2612"]
[BlackElo "2674"]
[EventDate "2010.03.06"]
[PlyCount "55"]

1.d4 Nf6 2.c4 g6 3.Nc3 d5 4.Nf3 Bg7 5.Qb3 dxc4 6.Qxc4 O-O 7.e4 a6 8.Be2 b5
9.Qb3 c5 10.dxc5 Be6 11.Qc2 Nbd7 12.Be3 Rc8 13.c6 Rxc6 14.Nd4 Rd6 15.Nxe6 
Rxe6 16.Rd1 Qc7 17.Qb1 Ne5 18.f3 Nc4 19.Bxc4 Qxc4 20.Rc1 Qc6 21.Na4 Qa8 
22.Nc5 Rc6 23.O-O Rfc8 24.Rfd1 Ne8 25.b3 Nd6 26.Qd3 Bb2 27.Rb1 Bg7 28.Rbc1
1/2-1/2

[Event "11th EUR-ch"]
[Site "Rijeka CRO"]
[Date "2010.03.17"]
[Round "11"]
[White "Berkes, Ferenc"]
[Black "Sutovsky, Emil"]
[Result "1/2-1/2"]
[WhiteElo "2659"]
[BlackElo "2650"]
[EventDate "2010.03.06"]
[PlyCount "32"]

1.d4 Nf6 2.Nf3 g6 3.g3 d5 4.Bg2 Bg7 5.O-O O-O 6.Nbd2 Bf5 7.b3 c5 8.Bb2 Ne4
9.e3 Nc6 10.c3 Qa5 11.Nxe4 Bxe4 12.Re1 Rad8 13.Re2 Bxf3 14.Bxf3 Rd7 15.Rd2
Rfd8 16.Rc1 e6 1/2-1/2

[Event "11th EUR-ch"]
[Site "Rijeka CRO"]
[Date "2010.03.17"]
[Round "11"]
[White "Pashikian, Arman"]
[Black "Berg, Emanuel"]
[Result "1-0"]
[WhiteElo "2652"]
[BlackElo "2594"]
[EventDate "2010.03.06"]
[PlyCount "53"]

1.d4 Nf6 2.Nf3 e6 3.c4 c5 4.d5 exd5 5.cxd5 d6 6.Nc3 g6 7.h3 Bg7 8.e4 O-O 
9.Bd3 b5 10.Nxb5 Re8 11.O-O Nxe4 12.Re1 a6 13.Nc3 Nxc3 14.bxc3 Nd7 15.Bg5 
Rxe1+ 16.Qxe1 Nf6 17.Qd2 Qc7 18.Re1 c4 19.Qf4 Nxd5 20.Re8+ Bf8 21.Rxf8+ 
Kxf8 22.Qd4 Ne7 23.Qh8+ Ng8 24.Bf6 cxd3 25.Qg7+ Ke8 26.Qxg8+ Kd7 27.Nd4 
1-0

[Event "11th EUR-ch"]
[Site "Rijeka CRO"]
[Date "2010.03.17"]
[Round "11"]
[White "Macieja, Bartlomiej"]
[Black "Salgado Lopez, Ivan"]
[Result "0-1"]
[WhiteElo "2625"]
[BlackElo "2592"]
[EventDate "2010.03.06"]
[PlyCount "80"]

1.d4 Nf6 2.c4 g6 3.Nc3 Bg7 4.e4 d6 5.Nf3 O-O 6.h3 e5 7.d5 Nh5 8.g3 Na6 9.
Be2 f5 10.exf5 gxf5 11.Ng5 Nf6 12.g4 Qe8 13.gxf5 Bxf5 14.Bg4 Bg6 15.Ne6 
Nb4 16.Nxf8 Nd3+ 17.Ke2 Qxf8 18.Be3 Nxg4 19.hxg4 Nxb2 20.Qb3 Nd3 21.f3 
Nf4+ 22.Kd2 Ng2 23.Raf1 Nxe3 24.Kxe3 Qf4+ 25.Ke2 Rf8 26.Ne4 Bxe4 27.fxe4 
Qxg4+ 28.Ke1 Qxe4+ 29.Kd1 Rf4 30.Qc2 Qd4+ 31.Qd2 Qxc4 32.Rxf4 exf4 33.Rg1 
Kf7 34.Rg5 Be5 35.Rh5 Qe4 36.Rh3 f3 37.Qc2 Qxd5+ 38.Ke1 Ke8 39.Rxh7 Bg3+ 
40.Kf1 Qb5+ 0-1

[Event "11th EUR-ch"]
[Site "Rijeka CRO"]
[Date "2010.03.17"]
[Round "11"]
[White "Potkin, Vladimir"]
[Black "Vallejo Pons, Francisco"]
[Result "1/2-1/2"]
[WhiteElo "2606"]
[BlackElo "2708"]
[EventDate "2010.03.06"]
[PlyCount "72"]

1.d4 Nf6 2.c4 g6 3.g3 Bg7 4.Bg2 O-O 5.Nc3 d6 6.Nf3 Nc6 7.O-O a6 8.d5 Na5 
9.Nd2 c5 10.Rb1 Rb8 11.b3 b5 12.Bb2 bxc4 13.bxc4 Bh6 14.Ba1 Bf5 15.Rxb8 
Qxb8 16.f4 Ng4 17.e4 Bd7 18.Qe2 Bg7 19.e5 dxe5 20.Nce4 f5 21.h3 fxe4 22.
hxg4 exf4 23.Bxg7 Kxg7 24.Nxe4 Qe5 25.gxf4 Rxf4 26.Rxf4 Qxf4 27.Nxc5 Qd4+ 
28.Qf2 Qxf2+ 29.Kxf2 Bxg4 30.Bf1 Bc8 31.Ne4 Bf5 32.Ke3 Nb7 33.c5 Bxe4 34.
Kxe4 Nxc5+ 35.Kd4 Nd7 36.Bxa6 Kf7 1/2-1/2

[Event "11th EUR-ch"]
[Site "Rijeka CRO"]
[Date "2010.03.17"]
[Round "11"]
[White "Stocek, Jiri"]
[Black "Naiditsch, Arkadij"]
[Result "1/2-1/2"]
[WhiteElo "2591"]
[BlackElo "2691"]
[EventDate "2010.03.06"]
[PlyCount "90"]

1.d4 Nf6 2.c4 e6 3.Nc3 Bb4 4.Nf3 c5 5.g3 O-O 6.Bg2 cxd4 7.Nxd4 d5 8.O-O 
dxc4 9.Bg5 Be7 10.Rc1 h6 11.Bxf6 Bxf6 12.Ndb5 Nd7 13.Nd6 Nb6 14.Nxb7 Bxb7 
15.Bxb7 Rb8 16.Bf3 Qxd1 17.Nxd1 Rfc8 18.e3 Nd7 19.Be2 Ne5 20.Rc2 Nd3 21.
Bxd3 cxd3 22.Rd2 Rd8 23.f4 Rb6 24.e4 Rc6 25.Rf3 Rc2 26.Rdxd3 Rd2 27.Nf2 
Rxb2 28.e5 Be7 29.Rxd8+ Bxd8 30.Rb3 Rxa2 31.Rb8 Rd2 32.Ne4 Rd7 33.Nc5 Rd1+
34.Kg2 Kh7 35.Rb7 Rc1 36.Na6 Rc2+ 37.Kf3 Rc3+ 38.Kg2 Ra3 39.Nb8 f5 40.Nd7 
Ra2+ 41.Kh1 Ra1+ 42.Kg2 Ra2+ 43.Kh1 Ra1+ 44.Kg2 Ra2+ 45.Kh1 Ra1+ 1/2-1/2